[Event "East Detroit (MCO/6/8)"]
[Site "?"]
[Date "1984.??.??"]
[Round "?"]
[White "Mazuchowski, Tom"]
[Black "Smith, Walt"]
[Result "1/2-1/2"]
[WhiteElo "2115"]
[BlackElo "1955"]
[PlyCount "80"]
[EventDate "1984.??.??"]

{6/(8)} 1. e4 c5 2. f4 Nc6 3. Nf3 e6 4. Qe2 Be7 5. b3 d5 6. Bb2 d4 7. c3 dxc3
8. Nxc3 Nf6 9. g3 O-O 10. Bg2 b6 11. O-O Nb4 12. Ne5 Nd7 13. Nc4 Ba6 14. e5 Rc8
15. Ne4 Nb8 16. Qg4 Kh8 17. f5 exf5 18. Rxf5 Bxc4 19. bxc4 Nd3 20. Bc3 Nd7 21.
Ng5 N7xe5 22. Bxe5 Nxe5 23. Rxe5 f5 24. Rxf5 Rxf5 25. Ne6 Rg5 26. Nxd8 Rxg4 27.
Nf7+ Kg8 28. Bd5 Kf8 29. Rf1 Bf6 30. Be6 Rd4 31. Bxc8 Kxf7 32. Bf5 Rxd2 33. a4
g6 34. Bc8 Ra2 35. Bd7 Ke7 36. Bb5 Bd4+ 37. Kh1 Be5 38. Rd1 Ra1 39. Rxa1 Bxa1
40. Kg2 Kd6 1/2-1/2

[Event "Plymouth (MI Op/4/3)"]
[Site "?"]
[Date "1984.??.??"]
[Round "?"]
[White "Mazuchowski, Tom"]
[Black "Poschel, Paul"]
[Result "0-1"]
[WhiteElo "2115"]
[BlackElo "2325"]
[PlyCount "96"]
[EventDate "1984.??.??"]

{4/(3)} 1. e4 c5 2. d3 Nc6 3. g3 g6 4. Bg2 Bg7 5. f4 d6 6. c3 e6 7. Be3 Nge7 8.
Nf3 Rb8 9. O-O O-O 10. Qd2 b5 11. d4 cxd4 12. cxd4 d5 13. e5 b4 14. g4 a5 15.
Bh3 Bd7 16. Qf2 a4 17. Nbd2 Na5 18. Rfc1 Bb5 19. Bf1 Bxf1 20. Qxf1 Qb6 21. Rc5
Rfc8 22. Rac1 Bf8 23. Qd3 Nec6 24. R5c2 b3 25. axb3 axb3 26. Rc3 Nb4 27. Qf1
Rxc3 28. Rxc3 Na2 29. Rc5 Bxc5 30. dxc5 Qb5 31. Qh3 Nc1 32. Ng5 h5 33. gxh5 Qd3
34. Nf1 Ne2+ 35. Kf2 d4 36. h6 dxe3+ 37. Nxe3 Nxf4 38. Qf3 Qd2+ 39. Kg3 Nh5+
40. Kh3 Qd7 41. Ng4 Qe7 42. Ne4 Nc4 43. c6 Nb6 44. c7 Rc8 45. Nd6 Rxc7 46. Qxb3
Nd5 47. Qb8+ Kh7 48. Qxc7 Ndf4# 0-1

[Event "Plymouth (MI Op/2/12)"]
[Site "?"]
[Date "1984.??.??"]
[Round "?"]
[White "Mazuchowski, Tom"]
[Black "Moody, David"]
[Result "1-0"]
[WhiteElo "2115"]
[BlackElo "1985"]
[PlyCount "59"]
[EventDate "1984.??.??"]

{2/(12)} 1. e4 e5 2. d4 exd4 3. Qxd4 Nc6 4. Qa4 Bb4+ 5. c3 Bc5 6. Nf3 Qe7 7.
Bd3 Nf6 8. O-O d6 9. Bg5 Bd7 10. Qc2 h6 11. Bxf6 Qxf6 12. b4 Bxb4 13. e5 Nxe5
14. Nxe5 Qxe5 15. cxb4 Qxa1 16. Nc3 Qxf1+ 17. Bxf1 O-O 18. f3 Rfe8 19. Bc4 Bc6
20. b5 Bd7 21. Nd5 Rac8 22. h4 c6 23. bxc6 bxc6 24. Nf4 Re5 25. Qd3 d5 26. Bb3
Be6 27. Bc2 Bf5 28. Qd4 f6 29. Bxf5 Rxf5 30. Ng6 1-0

[Event "Plymouth (MI Op/6/7)"]
[Site "?"]
[Date "1984.??.??"]
[Round "?"]
[White "Mazuchowski, Tom"]
[Black "Kitts, Gary"]
[Result "1-0"]
[WhiteElo "2115"]
[BlackElo "2015"]
[PlyCount "71"]
[EventDate "1984.??.??"]

{6/(7)} 1. e4 Nf6 2. e5 Nd5 3. d4 d6 4. c4 Nb6 5. exd6 cxd6 6. Nc3 g6 7. Be3
Bg7 8. Bd3 Nc6 9. Nge2 Nb4 10. b3 Nxd3+ 11. Qxd3 O-O 12. O-O e5 13. d5 Qe7 14.
Qd2 Bd7 15. Rac1 Rac8 16. a4 Rc7 17. Bh6 Bxh6 18. Qxh6 f5 19. f4 Qf6 20. Kh1 a5
21. fxe5 dxe5 22. Qd2 Qd6 23. Qh6 Qb4 24. h4 Qe7 25. Ng1 Nc8 26. Rce1 Nd6 27.
Nf3 Nf7 28. Qe3 e4 29. Qf4 Rcc8 30. Ng5 Ne5 31. Qe3 h6 32. d6 Qd8 33. Qd4 Nc6
34. Qd5+ Kg7 35. Ncxe4 fxe4 36. Rf7+ 1-0

[Event "East Detroit (MCO/3/6)"]
[Site "?"]
[Date "1984.??.??"]
[Round "?"]
[White "Mazuchowski, Tom"]
[Black "Dangremond, Leonard"]
[Result "0-1"]
[WhiteElo "2115"]
[BlackElo "2010"]
[PlyCount "62"]
[EventDate "1984.??.??"]

{3/(6)} 1. e4 e5 2. d4 exd4 3. Qxd4 Nc6 4. Qa4 d6 5. Nc3 Bd7 6. Bd2 Nf6 7. f3
a6 8. Qc4 Be7 9. Be3 O-O 10. Qe2 Re8 11. O-O-O b5 12. Qd2 Ne5 13. Nd5 Nxd5 14.
exd5 Bf6 15. Bd4 a5 16. f4 Ng6 17. g3 Bxd4 18. Qxd4 c5 19. Qf2 a4 20. Bh3 Bxh3
21. Nxh3 a3 22. c3 axb2+ 23. Qxb2 Qa5 24. Rhe1 Kf8 25. Ng5 Rxe1 26. Rxe1 b4 27.
cxb4 cxb4 28. Nxh7+ Kg8 29. Ng5 b3 30. Re2 Qc5+ 31. Kd2 Rxa2 0-1

[Event "East Detroit (MCO/1/9)"]
[Site "?"]
[Date "1984.??.??"]
[Round "?"]
[White "Mazuchowski, Tom"]
[Black "Basas, J.."]
[Result "1-0"]
[WhiteElo "2115"]
[BlackElo "1625"]
[PlyCount "105"]
[EventDate "1984.??.??"]

{1/(9)} 1. e4 e6 2. Qe2 Nc6 3. c3 Bd6 4. d4 e5 5. dxe5 Nxe5 6. f4 Ng6 7. e5 Bc5
8. f5 Nh4 9. Qg4 Nxf5 10. Qxf5 d6 11. Qe4 d5 12. Qe2 c6 13. Nf3 Bg4 14. Nbd2
Ne7 15. Nb3 Bb6 16. Be3 Ng6 17. h3 Bxf3 18. gxf3 Qh4+ 19. Kd2 O-O 20. Qe1 Nxe5
21. Qxh4 Nxf3+ 22. Kc2 Nxh4 23. Bf4 Rae8 24. Bd6 Nf5 25. Bxf8 Kxf8 26. Bd3 Ne3+
27. Kd2 h6 28. Rae1 f5 29. Nd4 f4 30. Nf5 Re5 31. Nxe3 Bxe3+ 32. Kd1 g5 33.
Rhf1 Kg7 34. Be2 Kf6 35. Bh5 c5 36. Kc2 Ke7 37. Kd3 b6 38. b3 a5 39. Rf3 d4 40.
c4 Kf6 41. Rff1 Ke7 42. Re2 Kf6 43. a3 Re7 44. Rb1 Ra7 45. Reb2 Ke5 46. b4 b5
47. bxc5 bxc4+ 48. Kxc4 d3 49. Rb7 Rxb7 50. Rxb7 d2 51. c6 Ke4 52. Re7+ Kf5 53.
c7 1-0

[Event "Plymouth (MI Op/7/28)"]
[Site "?"]
[Date "1984.??.??"]
[Round "?"]
[White "Mason, D.."]
[Black "Sacco, G.."]
[Result "1-0"]
[WhiteElo "1955"]
[BlackElo "1740"]
[PlyCount "63"]
[EventDate "1984.??.??"]

{7/(28)} 1. d4 Nf6 2. c4 e6 3. g3 c5 4. Nf3 b6 5. Bg2 Bb7 6. O-O Be7 7. Nc3 O-O
8. b3 Ne4 9. Qc2 Nxc3 10. Ng5 Ne4 11. Bxe4 Bxe4 12. Qxe4 Bxg5 13. Qxa8 Bf6 14.
Ba3 Qc7 15. Qe4 Bxd4 16. Rad1 f5 17. Qc2 Nc6 18. e3 Bf6 19. Qd2 Rf7 20. f4 h6
21. Rf2 Qb7 22. Bb2 Bd8 23. Bc3 a6 24. Qb2 b5 25. Rfd2 Qa7 26. Bxg7 Rxg7 27.
Qxg7+ Kxg7 28. Rxd7+ Qxd7 29. Rxd7+ Kf6 30. Rd6 bxc4 31. Rxc6 cxb3 32. axb3 1-0

[Event "Plymouth (MI Op/3/11)"]
[Site "?"]
[Date "1984.??.??"]
[Round "?"]
[White "Mason, D.."]
[Black "O'Donnell, Robert"]
[Result "0-1"]
[WhiteElo "1955"]
[BlackElo "2310"]
[PlyCount "76"]
[EventDate "1984.??.??"]

{3/(11)} 1. d4 Nf6 2. c4 g6 3. Nc3 Bg7 4. e4 d6 5. f3 O-O 6. Be3 c6 7. Qd2 a6
8. a4 a5 9. Nge2 Na6 10. Nc1 Qc7 11. Nb3 e5 12. d5 Nh5 13. Rc1 f5 14. dxc6 bxc6
15. Be2 Be6 16. O-O Rab8 17. c5 Nxc5 18. Nxc5 dxc5 19. Bxc5 Rfd8 20. Qc2 Bb3
21. Qb1 Qf7 22. Bd1 Nf4 23. Bxb3 Rxb3 24. Rfd1 Rdb8 25. Rd2 Ne6 26. Be3 Nd4 27.
Kf1 Qc4+ 28. Ke1 Rxc3 29. Rxc3 Qxc3 30. bxc3 Rxb1+ 31. Kf2 f4 32. Bxd4 exd4 33.
cxd4 Rb2 34. Ke2 Rxd2+ 35. Kxd2 Bxd4 36. Kd3 Bg1 37. h3 Kf7 38. Kc4 Ke6 0-1

[Event "East Detroit (MCO/6/10)"]
[Site "?"]
[Date "1984.??.??"]
[Round "?"]
[White "Mason, D.."]
[Black "Meleg, M.."]
[Result "1/2-1/2"]
[WhiteElo "1955"]
[BlackElo "2145"]
[PlyCount "55"]
[EventDate "1984.??.??"]

{6/(10)} 1. d4 f5 2. c4 g6 3. g3 Bg7 4. Bg2 d6 5. Nc3 Nf6 6. Nf3 O-O 7. O-O Nc6
8. d5 Ne5 9. Nxe5 dxe5 10. e4 e6 11. dxe6 c6 12. Qxd8 Rxd8 13. exf5 gxf5 14. e7
Re8 15. Bg5 Rxe7 16. Rad1 Be6 17. b3 Rd7 18. Na4 Rxd1 19. Rxd1 Nd7 20. Bf3 e4
21. Bh5 Ne5 22. Kg2 b6 23. Rd6 Bf7 24. Be2 c5 25. Bf6 Be8 26. Bxg7 Kxg7 27. Nc3
Nc6 28. Nd5 1/2-1/2

[Event "East Detroit (MCO/4/19)"]
[Site "?"]
[Date "1984.??.??"]
[Round "?"]
[White "Mason, D.."]
[Black "Jonik, Henry"]
[Result "1-0"]
[WhiteElo "1955"]
[BlackElo "1710"]
[PlyCount "47"]
[EventDate "1984.??.??"]

{4/(19)} 1. d4 Nf6 2. c4 g6 3. Nc3 Bg7 4. e4 d6 5. f3 O-O 6. Be3 Nh5 7. Qd2 f5
8. exf5 Bxf5 9. g4 Bxg4 10. fxg4 Nf6 11. Bh3 Rf7 12. g5 Kh8 13. gxf6 exf6 14.
O-O-O Nc6 15. Nf3 Qf8 16. Rdf1 f5 17. Ng5 Re7 18. Nd5 Rxe3 19. Nxe3 Nxd4 20.
Rf4 c5 21. Nxf5 gxf5 22. Bxf5 Re8 23. Bd3 Qg8 24. Nf7+ 1-0

[Event "Plymouth (MI Op/1a/4)"]
[Site "?"]
[Date "1984.??.??"]
[Round "?"]
[White "Mason, D.."]
[Black "Groisser, D.."]
[Result "1/2-1/2"]
[WhiteElo "1955"]
[BlackElo "2145"]
[PlyCount "53"]
[EventDate "1984.??.??"]

1. d4 Nf6 2. c4 e6 3. g3 c5 4. Nf3 cxd4 5. Nxd4 Nc6 6. Bg2 Bc5 7. e3 Qb6 8. Nb3
Bb4+ 9. Bd2 O-O 10. O-O Rd8 11. Nc3 Bf8 12. e4 a6 13. Be3 Qc7 14. Na4 Re8 15.
Nb6 Rb8 16. Rc1 d6 17. a3 Nd7 18. Na4 b6 19. Nd2 Nc5 20. Nc3 Bb7 21. Qc2 Rec8
22. Rfd1 Ba8 23. b4 Nd7 24. f4 Ne7 25. Qd3 Nf6 26. Ne2 Ng4 27. Nf3 1/2-1/2

[Event "Plymouth (MI Op/5/31)"]
[Site "?"]
[Date "1984.??.??"]
[Round "?"]
[White "Mason, D.."]
[Black "Alexander, J.."]
[Result "1-0"]
[WhiteElo "1955"]
[BlackElo "1605"]
[PlyCount "43"]
[EventDate "1984.??.??"]

{5/(31)} 1. d4 Nf6 2. c4 e6 3. g3 d5 4. Bg2 dxc4 5. Nf3 c5 6. O-O Nc6 7. Na3
Be7 8. dxc5 Qxd1 9. Rxd1 Bxc5 10. Nxc4 Ne4 11. Be3 Bxe3 12. Nxe3 Ke7 13. Nd4
Nxd4 14. Rxd4 Nc5 15. Rad1 Rb8 16. Nc4 b6 17. Ne5 Bb7 18. b4 f6 19. bxc5 Bxg2
20. Rd7+ Ke8 21. Kxg2 fxe5 22. c6 1-0

[Event "Plymouth (MI Op/1b/37)"]
[Site "?"]
[Date "1984.??.??"]
[Round "?"]
[White "Marinucci, M.."]
[Black "Tumpkin, R.."]
[Result "1-0"]
[WhiteElo "1605"]
[BlackElo "1605"]
[PlyCount "115"]
[EventDate "1984.??.??"]

1. e4 c5 2. f4 Nc6 3. Nf3 d5 4. exd5 Qxd5 5. Nc3 Qd8 6. Bc4 e6 7. O-O Nf6 8. d3
Be7 9. Ne5 Qd4+ 10. Kh1 Nxe5 11. fxe5 Qxe5 12. Bf4 Qh5 13. Nb5 O-O 14. Qxh5
Nxh5 15. Be5 Bd7 16. Bd6 Bxb5 17. Bxe7 Bxc4 18. Bxf8 Bd5 19. Bxc5 Rc8 20. d4 b6
21. Bd6 Rxc2 22. Rg1 Nf6 23. Rac1 Rc6 24. Rxc6 Bxc6 25. Rc1 Be8 26. Rc8 h6 27.
Be7 Nd5 28. Rxe8+ Kh7 29. Bh4 a5 30. Rd8 Kg6 31. Kg1 Kf5 32. Bf2 Ke4 33. Rd7 f5
34. Rd6 Nf4 35. Kf1 g5 36. g3 Nd3 37. Rxe6+ Kd5 38. Rxb6 Nxf2 39. Kxf2 Kxd4 40.
Ke2 f4 41. gxf4 gxf4 42. Rxh6 Ke4 43. Rh4 Kf5 44. Kf3 Kg5 45. Rxf4 Kg6 46. h4
Kh5 47. Rg4 Kh6 48. Kf4 Kh5 49. Rg1 Kh6 50. Kf5 Kh5 51. b3 Kh6 52. h5 Kh7 53.
h6 Kxh6 54. b4 axb4 55. Rg2 Kh7 56. Kf6 Kh8 57. Kf7 b3 58. Rh2# 1-0

[Event "Plymouth (MI Op/5/34)"]
[Site "?"]
[Date "1984.??.??"]
[Round "?"]
[White "Marinucci, M.."]
[Black "Skidmore, Mike"]
[Result "0-1"]
[WhiteElo "1605"]
[BlackElo "1905"]
[PlyCount "70"]
[EventDate "1984.??.??"]

{5/(34)} 1. d4 d5 2. c4 Nf6 3. Nf3 e6 4. Bg5 Nbd7 5. e3 Be7 6. Bd3 h6 7. Bh4 c6
8. O-O O-O 9. c5 Re8 10. Nc3 Bf8 11. Ne5 Be7 12. f4 Nxe5 13. fxe5 Nh7 14. Qf3
f6 15. Bxh7+ Kxh7 16. exf6 gxf6 17. Ne2 Rf8 18. Qh5 b6 19. Nf4 Rg8 20. Qf7+ Rg7
21. Nxe6 Rxf7 22. Nxd8 Bxd8 23. b4 bxc5 24. dxc5 Ba6 25. Rf2 Be7 26. Re1 Bd3
27. Rf4 Be4 28. Ref1 Raf8 29. g4 Kg6 30. Rc1 Bd8 31. Rf2 Bc7 32. Rc3 Be5 33.
Ra3 d4 34. Kf1 d3 35. Ke1 Rb8 0-1

[Event "Plymouth (MI Op/3/25)"]
[Site "?"]
[Date "1984.??.??"]
[Round "?"]
[White "Marinucci, M.."]
[Black "Kensek, R.."]
[Result "0-1"]
[WhiteElo "1605"]
[BlackElo "2210"]
[PlyCount "54"]
[EventDate "1984.??.??"]

{3/(25)} 1. d4 Nf6 2. c4 e6 3. Nf3 c5 4. Nc3 cxd4 5. Nxd4 Bb4 6. Bd2 Nc6 7.
Nxc6 bxc6 8. e3 O-O 9. Qc2 d5 10. O-O-O Qe7 11. Be2 e5 12. cxd5 cxd5 13. Nb5
Be6 14. Bxb4 Qxb4 15. a3 Qa5 16. Kb1 Rfc8 17. Qd2 Qxd2 18. Rxd2 Ne4 19. Rc2
Rxc2 20. Kxc2 Nxf2 21. Rf1 Ne4 22. Kd1 Rb8 23. Nxa7 Rxb2 24. Bf3 Nf2+ 25. Kc1
Nd3+ 26. Kd1 d4 27. exd4 Bb3# 0-1

[Event "Plymouth (MI Op/7/54)"]
[Site "?"]
[Date "1984.??.??"]
[Round "?"]
[White "Marinucci, M.."]
[Black "Hazzard, Bill"]
[Result "0-1"]
[WhiteElo "1605"]
[BlackElo "1660"]
[PlyCount "46"]
[EventDate "1984.??.??"]

{7/(54)} 1. d4 d5 2. c4 Nf6 3. Nf3 c6 4. Bg5 Bf5 5. Nc3 Nbd7 6. c5 Qc7 7. e3 e5
8. Bxf6 Nxf6 9. Nxe5 Be7 10. Be2 Nd7 11. f4 Nxe5 12. fxe5 Bh4+ 13. g3 Bg5 14.
Bg4 Qd7 15. Bxf5 Qxf5 16. Rf1 Qg6 17. Qe2 b6 18. cxb6 axb6 19. O-O-O O-O 20.
Rde1 c5 21. Nxd5 cxd4 22. h4 Rac8+ 23. Kd1 Qb1+ 0-1

[Event "Plymouth (MI Op/3/3)"]
[Site "?"]
[Date "1984.??.??"]
[Round "?"]
[White "Maring, L.."]
[Black "Wolfrom, David"]
[Result "1/2-1/2"]
[WhiteElo "1945"]
[BlackElo "2170"]
[PlyCount "109"]
[EventDate "1984.??.??"]

{3/(3)} 1. e4 c5 2. Nf3 e6 3. d4 cxd4 4. Nxd4 a6 5. Nc3 Qc7 6. Bd3 Nf6 7. O-O
Be7 8. Nf3 Nc6 9. Re1 d6 10. Bf4 Ne5 11. Qe2 O-O 12. h3 b5 13. Rad1 Bb7 14. Bh2
Rac8 15. Nxe5 dxe5 16. f4 Bc5+ 17. Kh1 Bd4 18. fxe5 Bxe5 19. Bxe5 Qxe5 20. Qf2
Rfd8 21. a3 Nh5 22. Re3 Bc6 23. Rf1 Rd7 24. Qh4 g6 25. Qf2 Bb7 26. Kg1 Ng7 27.
Rf3 Qc5 28. Re3 e5 29. Nd1 Ne6 30. c3 Nf4 31. Bc2 Rcd8 32. Kh2 Rd2 33. Re2 Qxf2
34. Rexf2 Rxf2 35. Rxf2 Bxe4 36. Bxe4 Rxd1 37. g3 Ne6 38. h4 f5 39. Bc2 Rd6 40.
Bb3 Kg7 41. Bc2 Nc5 42. Kg2 Nd3 43. Bxd3 Rxd3 44. Re2 Kf6 45. Rc2 Rd6 46. c4
Rc6 47. c5 h6 48. b4 g5 49. hxg5+ hxg5 50. Rd2 e4 51. Rd8 Re6 52. Rb8 Ke5 53.
Kf2 f4 54. gxf4+ gxf4 55. Rf8 1/2-1/2

[Event "Plymouth (MI Op/5/33)"]
[Site "?"]
[Date "1984.??.??"]
[Round "?"]
[White "Maring, L.."]
[Black "Staples, Christian"]
[Result "1-0"]
[WhiteElo "1945"]
[BlackElo "1605"]
[PlyCount "87"]
[EventDate "1984.??.??"]

{5/(33)} 1. e4 d6 2. d4 Nf6 3. Nc3 g6 4. Nf3 Bg7 5. Be2 O-O 6. O-O c5 7. d5 a6
8. h3 b5 9. a3 Nbd7 10. Rb1 Bb7 11. Re1 b4 12. axb4 cxb4 13. Na2 a5 14. Bd3 Nc5
15. Bf4 Nxd3 16. cxd3 Qb6 17. Be3 Qb5 18. Nd4 Qd7 19. Qd2 e5 20. dxe6 fxe6 21.
Nc1 e5 22. Nf3 Rfc8 23. Ne2 Rc7 24. Ng3 Rac8 25. Rec1 Rxc1+ 26. Rxc1 Rxc1+ 27.
Qxc1 Qc6 28. Qd2 Qb5 29. Ne1 d5 30. f3 d4 31. Bf2 Nd7 32. Ne2 b3 33. f4 Qb6 34.
fxe5 Bxe5 35. Nf3 Qc7 36. Nxe5 Nxe5 37. Nxd4 a4 38. Ne6 Qc6 39. Nc5 Bc8 40. d4
Nc4 41. Qe2 Qb5 42. Qd3 Qb4 43. Qg3 a3 44. bxa3 1-0

[Event "Plymouth (MI Op/1b/21)"]
[Site "?"]
[Date "1984.??.??"]
[Round "?"]
[White "Maring, L.."]
[Black "Schell, Ken"]
[Result "1-0"]
[WhiteElo "1945"]
[BlackElo "1675"]
[PlyCount "57"]
[EventDate "1984.??.??"]

1. e4 d5 2. exd5 Nf6 3. d4 Nxd5 4. Nf3 Nc6 5. c4 Nf6 6. d5 Nb8 7. Nc3 g6 8. Be2
Bg7 9. O-O O-O 10. h3 c6 11. Be3 b6 12. Qb3 Ba6 13. dxc6 Nxc6 14. Rad1 Qc8 15.
Qc2 Qe6 16. b3 Bb7 17. a3 Ne5 18. Nd4 Qc8 19. Rfe1 Rd8 20. Bf1 Nc6 21. Nf3 h6
22. b4 Qf5 23. Qxf5 gxf5 24. Nd5 Ne4 25. b5 Na5 26. Nxe7+ Kf8 27. Nxf5 Bc3 28.
Bxh6+ Kg8 29. Rxd8+ 1-0

[Event "Plymouth (MI Op/7/29)"]
[Site "?"]
[Date "1984.??.??"]
[Round "?"]
[White "Maring, L.."]
[Black "Proszkow, T.."]
[Result "1-0"]
[WhiteElo "1945"]
[BlackElo "1655"]
[PlyCount "71"]
[EventDate "1984.??.??"]

{7/(29)} 1. e4 c5 2. Nf3 Nc6 3. d4 cxd4 4. Nxd4 d6 5. Nc3 Nf6 6. Be2 e6 7. O-O
Be7 8. Be3 O-O 9. Qd2 a6 10. Rad1 Qc7 11. h3 b5 12. Bf3 Ne5 13. Qe2 Bb7 14. a3
Rac8 15. Nb3 Rfd8 16. Rfe1 Bc6 17. Nd4 Ba8 18. Bc1 Nxf3+ 19. Nxf3 Nd7 20. Ng5
h6 21. Nf3 Nb6 22. Nd4 Nc4 23. Qg4 Ne5 24. Qg3 Ng6 25. Nxe6 fxe6 26. Qxg6 Bg5
27. Bxg5 hxg5 28. Qxe6+ Kh8 29. Rd3 Bc6 30. Rg3 Re8 31. Qg6 Re5 32. Qh5+ Kg8
33. Rxg5 Re6 34. Re3 Be8 35. Qg4 Qe7 36. Rxg7+ 1-0

[Event "Plymouth (MI Op/5/20)"]
[Site "?"]
[Date "1984.??.??"]
[Round "?"]
[White "Marfia, J.."]
[Black "Riegel, P.."]
[Result "1-0"]
[WhiteElo "2170"]
[BlackElo "1875"]
[PlyCount "39"]
[EventDate "1984.??.??"]

{5/(20)} 1. c4 Nf6 2. Nc3 c5 3. g3 g6 4. Bg2 Nc6 5. Nf3 Bg7 6. O-O O-O 7. d4
cxd4 8. Nxd4 Nxd4 9. Qxd4 h6 10. c5 Ne8 11. Qe3 Nc7 12. Rd1 Ne6 13. c6 Nd4 14.
cxb7 Bxb7 15. Rxd4 Bxg2 16. Kxg2 Bxd4 17. Qxd4 Kh7 18. Qh4 g5 19. Bxg5 Rg8 20.
Qxh6# 1-0

[Event "East Lansing (MEX/3)"]
[Site "?"]
[Date "1984.??.??"]
[Round "?"]
[White "Marfia, J.."]
[Black "O'Donnell, Robert"]
[Result "0-1"]
[WhiteElo "2185"]
[BlackElo "2180"]
[PlyCount "80"]
[EventDate "1984.??.??"]

1. e4 c5 2. Nf3 Nc6 3. d4 cxd4 4. Nxd4 Nf6 5. Nc3 d6 6. Bc4 Qb6 7. Nb3 a6 8.
Be3 Qc7 9. Bd3 b5 10. f4 e6 11. Qd2 Be7 12. h3 h5 13. O-O Bb7 14. a4 b4 15. Na2
d5 16. e5 Ne4 17. Bxe4 dxe4 18. c3 bxc3 19. Qxc3 O-O 20. Rac1 Rac8 21. Nc5 Nb8
22. Rfd1 Rfd8 23. Rxd8+ Rxd8 24. Nxb7 Qxb7 25. Qc7 Qb3 26. Nc3 Rd7 27. Qc8+ Kh7
28. Re1 Bh4 29. Re2 Bg3 30. Bf2 Bxf4 31. Rxe4 Qxb2 32. Qc4 Bh2+ 33. Kxh2 Qxf2
34. Rh4 Qf5 35. Qe4 Qxe4 36. Nxe4 Kg6 37. Ng3 Nc6 38. Nxh5 Kg5 39. Rc4 Na5 40.
Rc5 Nb7 0-1

[Event "Plymouth (MI Op/1a/3)"]
[Site "?"]
[Date "1984.??.??"]
[Round "?"]
[White "Marfia, J.."]
[Black "Kebrdle, M.."]
[Result "1-0"]
[WhiteElo "2170"]
[BlackElo "1975"]
[PlyCount "89"]
[EventDate "1984.??.??"]

1. c4 c5 2. Nf3 Nc6 3. Nc3 e6 4. g3 g6 5. Bg2 Bg7 6. O-O Nge7 7. d3 O-O 8. Bd2
d6 9. Qc1 a6 10. Bh6 Rb8 11. Bxg7 Kxg7 12. e4 Bd7 13. Qd2 Ne5 14. Nh4 N7c6 15.
f4 Ng4 16. h3 Nh6 17. Ne2 f5 18. Kh2 Qf6 19. b3 e5 20. Nf3 Nf7 21. Nc3 Be6 22.
exf5 gxf5 23. Rae1 Nd4 24. fxe5 Nxf3+ 25. Bxf3 Nxe5 26. Bd5 Bd7 27. Ne2 Bc6 28.
d4 cxd4 29. Nxd4 Bxd5 30. cxd5 Rbe8 31. Rxf5 Qxf5 32. Nxf5+ Rxf5 33. Kg2 Ref8
34. Re2 Nf3 35. Qc3+ Ne5 36. Qc7+ Nf7 37. Qxb7 Kg6 38. Re6+ Kg7 39. Rxd6 Kg8
40. Rxa6 Ng5 41. Qb6 Re8 42. Qb5 Ref8 43. Qe2 Ne4 44. Qxe4 Rf2+ 45. Kg1 1-0

[Event "Plymouth (MI Op/3/4)"]
[Site "?"]
[Date "1984.??.??"]
[Round "?"]
[White "Marfia, J.."]
[Black "Johnson, Ri"]
[Result "1-0"]
[WhiteElo "2170"]
[BlackElo "1895"]
[PlyCount "73"]
[EventDate "1984.??.??"]

{3/(4)} 1. e4 c6 2. d4 d5 3. Nc3 dxe4 4. Nxe4 Bf5 5. Ng3 Bg6 6. h4 h6 7. Nf3
Nd7 8. h5 Bh7 9. Bd3 Bxd3 10. Qxd3 e6 11. Bf4 Be7 12. Ne4 Ndf6 13. O-O-O Nxe4
14. Qxe4 Qa5 15. Kb1 Nf6 16. Qd3 Nd5 17. Bd2 Qc7 18. g3 O-O-O 19. Qe2 Bf6 20.
c4 Ne7 21. Bf4 Qa5 22. Be5 Rd7 23. Rd3 Qd8 24. Rhd1 Re8 25. Qc2 b6 26. Qa4 Kb7
27. Ra3 Nc8 28. c5 Rd5 29. Rdd3 Bxe5 30. Nxe5 Qc7 31. cxb6 Qxb6 32. Rdb3 Rb5
33. Nd7 Qd8 34. Rxb5+ cxb5 35. Qxb5+ Nb6 36. Nc5+ Kb8 37. Rxa7 1-0

[Event "East Lansing (MEX/2)"]
[Site "?"]
[Date "1984.??.??"]
[Round "?"]
[White "Marfia, J.."]
[Black "Everett, Morgan"]
[Result "1/2-1/2"]
[WhiteElo "2185"]
[BlackElo "2000"]
[PlyCount "75"]
[EventDate "1984.??.??"]

1. e4 e5 2. Nf3 Nc6 3. Bb5 a6 4. Bxc6 dxc6 5. O-O f6 6. d4 Bg4 7. dxe5 Qxd1 8.
Rxd1 fxe5 9. Rd3 Bd6 10. Nbd2 Nf6 11. Nc4 O-O 12. Ncxe5 Bxf3 13. Nxf3 Nxe4 14.
Be3 Rae8 15. Rad1 Re6 16. c4 c5 17. Nd2 Nf6 18. h3 Rfe8 19. Nf1 h6 20. b3 b6
21. Nh2 Ne4 22. Nf1 Nf6 23. a4 a5 24. g3 Ne4 25. Kg2 Be5 26. Rd8 Nd6 27. Rxe8+
Rxe8 28. f4 Bf6 29. g4 Ne4 30. Rd7 Bd8 31. Kf3 Nf6 32. Rd3 Nh7 33. Ng3 Nf8 34.
Nf5 Bf6 35. h4 Bb2 36. h5 Ne6 37. Rd7 Bf6 38. Kf2 1/2-1/2

[Event "Plymouth (MI Op/7/5)"]
[Site "?"]
[Date "1984.??.??"]
[Round "?"]
[White "Marfia, J.."]
[Black "Bassin, C.."]
[Result "0-1"]
[WhiteElo "2170"]
[BlackElo "2035"]
[PlyCount "110"]
[EventDate "1984.??.??"]

{7/(5)} 1. e4 e5 2. Nf3 Nc6 3. Bb5 a6 4. Bxc6 dxc6 5. O-O f6 6. d4 exd4 7. Nxd4
c5 8. Nb3 Qxd1 9. Rxd1 Bg4 10. f3 Be6 11. Be3 b6 12. Nc3 Bd6 13. Ne2 Ne7 14.
Bf4 O-O-O 15. Bxd6 Rxd6 16. Rxd6 cxd6 17. Rd1 Kc7 18. Nf4 Bf7 19. Kf2 Kc6 20.
Nc1 Re8 21. Re1 c4 22. Nce2 Kc5 23. h4 b5 24. c3 Nc6 25. Rd1 a5 26. a3 g5 27.
Nd5 Ne5 28. Nc1 Bxd5 29. Rxd5+ Kc6 30. hxg5 fxg5 31. Ne2 Nd3+ 32. Ke3 Re5 33.
Nd4+ Kd7 34. Nxb5 Rxd5 35. exd5 Nxb2 36. g4 Nd3 37. a4 Nb2 38. Kd4 Nxa4 39. Na3
Nc5 40. Nxc4 a4 41. Na3 Ke7 42. Nb5 Nb3+ 43. Ke3 Kf6 44. c4 Ke5 45. Na3 Na5 46.
Kd3 Nb7 47. Ke3 Nc5 48. Nb5 Nd7 49. Na3 Nb6 50. Kd3 Kf4 51. Ke2 Nd7 52. Nb5 Ne5
53. c5 dxc5 54. d6 Nd7 55. Na3 Ke5 0-1

[Event "East Detroit (MCO/3/28)"]
[Site "?"]
[Date "1984.??.??"]
[Round "?"]
[White "Manion, Tom"]
[Black "Steverson, Bunnard"]
[Result "0-1"]
[WhiteElo "1760"]
[BlackElo "1605"]
[PlyCount "86"]
[EventDate "1984.??.??"]

{3/(28)} 1. e4 c5 2. Nf3 Nc6 3. d4 cxd4 4. Nxd4 Nf6 5. f3 e5 6. Nb5 Nxe4 7.
fxe4 Qh4+ 8. Kd2 Qf4+ 9. Ke1 Qh4+ 10. Kd2 Qf4+ 11. Kc3 Bb4+ 12. Kd3 Qf6 13.
Nc7+ Kd8 14. Nxa8 Qd6+ 15. Ke2 Nd4+ 16. Kf2 Bc5 17. Bg5+ f6 18. Be3 Nxc2 19.
Qxc2 Bxe3+ 20. Kxe3 Qd4+ 21. Kf3 Ke7 22. Nc7 f5 23. Nd5+ Ke6 24. Nc7+ Ke7 25.
Nd5+ Ke6 26. Nbc3 fxe4+ 27. Qxe4 Rf8+ 28. Kg3 Qf2+ 29. Kh3 d6 30. Be2 h5 31.
Bxh5 Kd7 32. Bg4+ Kd8 33. Qh7 Bxg4+ 34. Kxg4 Qxg2+ 35. Kh4 Qf2+ 36. Kg4 Qg2+
37. Kh4 Qf2+ 38. Kg5 Qg2+ 39. Kh5 Qh3+ 40. Kg5 Qxh7 41. Ne7 Qh6+ 42. Kg4 Rf4+
43. Kg3 Qg5+ 0-1

[Event "Plymouth (MI Op/6/29)"]
[Site "?"]
[Date "1984.??.??"]
[Round "?"]
[White "Manion, Tom"]
[Black "Smith, Les L"]
[Result "1-0"]
[WhiteElo "1740"]
[BlackElo "1945"]
[PlyCount "89"]
[EventDate "1984.??.??"]

{6/(29)} 1. e4 e5 2. Nf3 f5 3. Nxe5 Qf6 4. Nc4 fxe4 5. Nc3 c6 6. Nxe4 Qg6 7.
Ng3 d5 8. Ne5 Qe6 9. d4 Nd7 10. Qg4 Qe7 11. Qg5 g6 12. Qxe7+ Nxe7 13. Bd3 Bg7
14. f4 O-O 15. O-O c5 16. c3 c4 17. Bc2 Nb6 18. b3 cxb3 19. Bxb3 Nf5 20. Ba3
Rd8 21. Rae1 Bf6 22. Re2 Bh4 23. Ne4 Kg7 24. Nd2 Bd7 25. Nxd7 Rxd7 26. g3 Bxg3
27. hxg3 Nxg3 28. Re6 Nxf1 29. Kxf1 Kf7 30. Re5 Rc8 31. Bc5 Rc6 32. Kg2 Nc4 33.
Nxc4 dxc4 34. Bxc4+ Kf6 35. Bb5 Rxc5 36. Rxc5 Re7 37. Re5 Rc7 38. Rc5 Re7 39.
Re5 Rc7 40. Re3 Kf5 41. Kf3 Kf6 42. Ba4 h5 43. Bb3 Rd7 44. Re6+ Kg7 45. d5 1-0

[Event "Plymouth (MI Op/2/70)"]
[Site "?"]
[Date "1984.??.??"]
[Round "?"]
[White "Manion, Tom"]
[Black "Redding, T.."]
[Result "1-0"]
[WhiteElo "1740"]
[BlackElo "1605"]
[PlyCount "81"]
[EventDate "1984.??.??"]

{2/(70)} 1. e4 e5 2. Nf3 Nc6 3. Bb5 Bb4 4. a3 Ba5 5. b4 Nd4 6. bxa5 Nxb5 7.
Nxe5 d6 8. Nf3 Qf6 9. Ra2 Bg4 10. Bb2 Qg6 11. a4 Qxe4+ 12. Qe2 Qxe2+ 13. Kxe2
Be6 14. Ra1 f6 15. d3 Bg4 16. axb5 Bxf3+ 17. Kxf3 Ne7 18. Re1 Kf7 19. Nc3 h6
20. Re2 Rhe8 21. Rae1 Nf5 22. Nd5 Rxe2 23. Rxe2 Nh4+ 24. Kg3 Nf5+ 25. Kg4 Re8
26. Rxe8 Kxe8 27. Kxf5 Kf8 28. Nxc7 g6+ 29. Kf4 f5 30. c4 Ke7 31. Bd4 Kd7 32.
Nd5 Ke6 33. Bxa7 g5+ 34. Ke3 f4+ 35. Ke4 h5 36. a6 bxa6 37. bxa6 h4 38. Bb6 f3
39. a7 fxg2 40. a8=Q g1=Q 41. Qe8# 1-0